000 00339nam a2200145Ia 4500
008 230917s9999||||xx |||||||||||||| ||und||
040 _e55281
_aMAIN
041 _aEnglish
082 _a843.8 G361V
100 _aGide, Andre
245 0 _aVatican cellors
260 _aMiddlesex
_bPenguin Books
_c1976
300 _a236 p.
942 _cBK
999 _c161046
_d161046